000 01076nam a22002535i 4500
001 179924
003 ES-MaACL
005 20230906220936.0
008 120229s1843 sp |||| | spa d
040 _aCAM
_bspa
_cCAM
080 _a821.133.1-23"18"
100 1 _aMélesville (
_d1787-1865)
_9149489
245 1 3 _aEl galán invisible
_b: comedia en dos actos /
_cescrita en francés por Melesville ; (traducida por A. García Gutiérrez).
260 _aMadrid :
_b[s.a.,
_cs.a.] (
_fImprenta de Joaquín Merás y compañía)
300 _a26 p. ;
_c25 cm.
490 1 _aMuseo dramático
500 _aRepresentada por primera vez en Madrid en el teatro de la Cruz el día 18 de diciembre de 1843.
594 _aTítulo y autores tomados de principio del texto.
596 _aPie de imp. tomado de colofón.
700 1 _aGarcía Gutiérrez, Antonio,
_d1813-1884
_954743
830 0 _aMuseo dramático
_9187645
852 _aES-MaACL
_jF-7489(19)
_z.- Enc. hol. -- Falto de la port. y la cub. original -- Enc. en un vol. facticio
999 _c179924
_d179924